| 000 | 00670na a2200217 4500 | ||
|---|---|---|---|
| 001 | 21728 | ||
| 003 | MIRAKIL | ||
| 005 | 20181213155043.0 | ||
| 008 | 170207b tu 000 0 | ||
| 040 |
_aMilas _btur _cTR-AnCHP |
||
| 041 | _atur | ||
| 082 |
_a328.561 _bT15y 1996 |
||
| 090 | _a328.561 T15y 1996 | ||
| 110 | _aTürkiye Büyük Millet Meclisi (TBMM) | ||
| 245 |
_a20. dönem TBMM albümü _cTürkiye Büyük Millet Meclisi (TBMM) |
||
| 260 |
_aAnkara _bTürkiye Büyük Millet Meclisi (TBMM) _c1996 |
||
| 300 |
_a224 s. _bfotg. _c20 sm. |
||
| 610 |
_aTBMM _xAlbümler _y1996 |
||
| 610 |
_aTBMM, 20. Dönem _xMilletvekilleri _yFotoğraflar |
||
| 942 |
_2ddc _cBKS |
||
| 999 |
_c5648 _d5648 |
||